| 000 | 01621nam0a2200373 4500 | ||
|---|---|---|---|
| 001 | RU\NLR\ONL2\5129 | ||
| 005 | 20250613125543.0 | ||
| 010 |
_a5-295-03510-7 _926700 |
||
| 035 | _a(NLR Aleph) 009652727 | ||
| 090 |
_a9577335 _c9577336 |
||
| 100 | _a20060502d2005 |||y0rusy50 ca | ||
| 101 | 0 | _abak | |
| 102 | _aRU | ||
| 105 | _aa ||||||||| | ||
| 200 | 1 |
_aБашkорт теле _eУkытыу урыс телендэ алып барылган мэкт. 2 с-фы осон д-лек _fХ. А.Толомбаев, М. С. Дэулэтшина, Н. С. Бикбова |
|
| 205 | _a3-со баçма | ||
| 210 |
_aОфо _cКитап _d2005 |
||
| 215 |
_a136 б. _cил. _d22 |
||
| 541 | 1 |
_6z01790 _aБашкирский язык _eУчеб. для 2 кл. русскоязыч. шк. _zrus |
|
| 606 | 0 |
_aБашкирский язык _91116089 _3RU\NLR\auth\66121857 |
|
| 686 | 1 | _aШ163.22-93рус21[2] | |
| 700 | 1 |
_aТоломбаев _bХ. А. _gХэсэн Абдулла улы _4070 |
|
| 701 | 1 |
_aДэулэтшина _bМ. С. _gМэрхэбэ Сэйэфэр kызы _4070 |
|
| 701 | 1 |
_aБикбова _bН. С. _gНажия Солэймэн kызы _4070 |
|
| 790 | 1 |
_6z01 _aТулумбаев _bХ. А. _gХасан Абдуллович _4070 |
|
| 790 | 1 |
_6z01 _aДавлетшина _bМ. С. _gМархаба Саяфаровна _4070 |
|
| 790 | 1 |
_6z01 _6z01541 _aБикбова _bН. С. _gНазия Сулеймановна _4070 |
|
| 801 | 0 |
_aRU _bNLR _c20060502 _gPSBO |
|
| 852 |
_aNLR _bОНЛ _jБашк./3-4806 |
||
| 942 | _cBOOK | ||
| 980 | _aNB | ||
| 980 | _aONL_RF | ||